000 00327nam a2200145Ia 4500
005 20251222141839.0
008 251222s9999||||xx |||||||||||||| ||spa||
020 _a970-686-335-4
082 _a572/C24
100 _aCampbell, Mary K.
245 0 _aBioquĂ­mica
250 _a4a.ed.
264 _bThomson Learning
942 _cLIB
999 _c7368
_d7368